Aquaculture and fisheries biotechnology : Genetic approaches
The genetic improvement of fish for aquaculture and related fisheries is a field of research that has seen immense advances in recent years. Yet there is no book which provides an accessible overview of the subject. This book aims to fill this gap and will be suitable for advanced students and resea...
محفوظ في:
| المؤلف الرئيسي: | |
|---|---|
| التنسيق: | كتاب |
| اللغة: | Undetermined |
| منشور في: |
New York
CABI Publishing
2004
|
| الموضوعات: | |
| الوسوم: |
إضافة وسم
لا توجد وسوم, كن أول من يضع وسما على هذه التسجيلة!
|
| Thư viện lưu trữ: | Trung tâm Học liệu Trường Đại học Cần Thơ |
|---|
| LEADER | 01294nam a2200253Ia 4500 | ||
|---|---|---|---|
| 001 | CTU_117458 | ||
| 008 | 210402s9999 xx 000 0 und d | ||
| 020 | |c 113.3 | ||
| 082 | |a 639.3 | ||
| 082 | |b D917 | ||
| 100 | |a Dunham, Rex A. | ||
| 245 | 0 | |a Aquaculture and fisheries biotechnology : | |
| 245 | 0 | |b Genetic approaches | |
| 245 | 0 | |c Rex A. Dunham | |
| 260 | |a New York | ||
| 260 | |b CABI Publishing | ||
| 260 | |c 2004 | ||
| 520 | |a The genetic improvement of fish for aquaculture and related fisheries is a field of research that has seen immense advances in recent years. Yet there is no book which provides an accessible overview of the subject. This book aims to fill this gap and will be suitable for advanced students and researchers in animal genetics, fish biology and aquaculture. | ||
| 526 | |a Công nghệ giống thủy sản,Ứng dụng công nghệ sinh học trong nuôi trồng thủy sản,Di truyền phân loại và quần thể,Di truyền thủy sản,Công nghệ sinh học thủy sản | ||
| 526 | |b TS911,TS902,TS606,TS609,CS911 | ||
| 650 | |a Fishes,Shellfish,Fishes,Shellfish | ||
| 650 | |x Breeding,Breeding,Molecular genetics,Molecular genetics | ||
| 904 | |i Truc | ||
| 980 | |a Trung tâm Học liệu Trường Đại học Cần Thơ | ||